|
|
|
|
| LEADER |
00000nam a2200000Ia 4500 |
| 008 |
180312b1999 cl ||||| |||| 00| | spa d |
| 999 |
|
|
|c 1631
|d 1631
|
| 090 |
|
|
|a 06.02.03
|b 735
|
| 110 |
2 |
|
|a Programas de Promoción de la Reforma Educativa en America Latina (PREAL)
|9 3465
|
| 245 |
1 |
0 |
|a Mañana es muy tarde /
|c Comisión Centroamericana para la Reforma Educativa
|
| 260 |
|
|
|a Santiago de Chile :
|b PREAL,
|c 1999
|
| 300 |
|
|
|a 33 páginas
|
| 650 |
1 |
4 |
|a REFORMA DE LA EDUCACIÓN
|9 7
|
| 650 |
1 |
4 |
|a CALIDAD DE LA EDUCACIÓN
|9 11
|
| 651 |
|
4 |
|a AMÉRICA CENTRAL
|9 457
|
| 942 |
|
|
|i 001244
|h 06.02.03 735
|2 z
|c 01
|